Química
Salvato in:
| Autori principali: | , |
|---|---|
| Natura: | Libro |
| Lingua: | spagnolo |
| Pubblicazione: |
Cuernavaca
Pearson Educación S. A
2008
|
| Edizione: | 2a. ed |
| Soggetti: | |
| Tags: |
Aggiungi Tag
Nessun Tag, puoi essere il primo ad aggiungerne!!
|
MARC
| LEADER | 00000cam a2200000 a 4500 | ||
|---|---|---|---|
| 001 | UCC7378 | ||
| 003 | CL-VaPUC | ||
| 008 | 190322e20080000mx |||||||||||||||||spa|d | ||
| 020 | |a 9789702612247 | ||
| 082 | 0 | 4 | |a 540 |b TIM |2 21 |
| 100 | 0 | |a Timberlake, Karen C |e author |9 601982 | |
| 700 | 0 | |a Timberlake, William |e author |9 601983 | |
| 245 | 1 | 0 | |a Química |
| 250 | |a 2a. ed | ||
| 300 | |a 700 p | ||
| 942 | |c BK | ||
| 945 | |d 20190322 14:57:00 |a dcastane | ||
| 260 | |a Cuernavaca |b Pearson Educación S. A |c 2008 | ||
| 650 | 7 | |a QUIMICA GENERAL |2 CL-VaPUC |9 601984 | |
| 650 | 0 | |a Propiedades químicas |9 345805 | |
| 650 | 7 | |a ELEMENTOS QUIMICOS |2 CL-VaPUC |9 306895 | |
| 583 | |a last modification |c 20190322 14:57:00 |k Rodrigo Vera | ||
| 999 | |c 374042 |d 374040 | ||
| 952 | |0 0 |1 0 |3 erb |4 0 |6 540_000000000000000_TIM_2008 |7 0 |8 A |9 492399 |a BIBING |b BIBING |i 5540089 |l 7 |o 540 TIM 2008 |p 5540089 |r 2025-04-22 |s 2025-04-16 |w 2019-11-24 |y BK |z Catalogado en:20190322 |k ING | ||